000 01418nam a22004217a 4500
001 1656530
003 OSt
005 20210426123631.0
008 970627s1997 nyua b 001 0beng d
010 _a 97071924
020 _a0679402853
035 _a(OCoLC)37112319
040 _aMB
_cMB
_dCBu
_dDLC
_beng
041 1 _aeng
_hfre
042 _alccopycat
043 _ae-be---
050 0 0 _aPQ2637.I53
_bZ5713 1997
080 _a92
_bA-88
082 0 0 _a843/.912
_aB
_221
100 1 _aAssouline, Pierre.
240 1 0 _aSimenon.
_lEnglish
245 1 0 _aSimenon :
_ba biography /
_c/ by: Alfred A. Knopf
250 _a1st American edition
260 _aNew York
_bAlfred A. Knopf
_c1997.
300 _axiii, 447 p., [16] p. of plates
_bill.
_c25 cm.
365 _b32.50 usd
504 _aIncludes bibliographical references (p. 419-434) and index.
600 1 0 _aSimenon, Georges,
_d1903-1989.
650 0 _aNovelists, Belgian
_y20th century
_xBiography.
650 0 _aBiography
_9237
653 _aბიოგრაფია
700 _9759
_aRothschild, Jon
_eTranslator
856 4 2 _3Publisher description
_uhttp://www.loc.gov/catdir/description/random0410/97071924.html
906 _a7
_bcbc
_ccopycat
_d2
_eopcn
_f19
_gy-gencatlg
942 _2udc
_cBK
_e1
999 _c1124
_d1124